000 00527nam a2200205Ia 4500
005 20230805104358.0
008 131103s9999 xx 000 0 und d
040 _aLoreto College
041 _aEnglish
082 _a920
_bMEN
100 _aMenon,K.P.S.
245 _aMany Worlds
_b an autobiography
_cK.P.S.Menon
260 _aLondon
_bOxford University Press
_c1966
300 _aviii,324 p.
_b ill.
504 _a.
650 _aMenon,K.P.S. - Autobiography
651 _aBiography
850 _aLCLIB
942 _cBK
999 _c13811
_d64290